| 000 | 00561nam a22001817a 4500 | ||
|---|---|---|---|
| 003 | OSt | ||
| 005 | 20170502171627.0 | ||
| 008 | 170502s2011 fr |||||| |00| ||eng|d | ||
| 020 | _a9789231041938 | ||
| 040 |
_aES-BaCBU _bcat _cCDMR |
||
| 245 | 1 | 0 |
_aProfessional journalism and self-regulation _b: new media, old dilemmas in South East Europe and Turkey |
| 260 |
_aParis : _bUnesco, _c2011 |
||
| 300 |
_a147 p.; _c21 cm |
||
| 650 | 0 | 0 |
_aÈtica periodística _9983 _zTurquia |
| 650 | 0 | 4 |
_aLlibertat d'informació _91574 _zTurquia |
| 710 | 2 |
_aUnesco _91452 |
|
| 942 | _cMON | ||
| 999 |
_c7028 _d7028 |
||